[Event "IND-ch U17 20th"]
[Site "Chakradharpur"]
[Date "2009.10.14"]
[Round "11"]
[White "Rittick, Purakait"]
[Black "Eshwanth Dev, Kumar J"]
[Result "0-1"]
[WhiteElo "1527"]
[BlackElo "1908"]
[PlyCount "84"]
[EventDate "2009.10.07"]
[EventType "swiss"]
[EventRounds "11"]
[EventCountry "IND"]
[SourceTitle "CBM 132 Extra"]
[Source "ChessBase"]
[SourceDate "2009.11.03"]
[SourceVersion "1"]
[SourceVersionDate "2009.11.03"]
[SourceQuality "1"]

1. e4 c5 2. Nf3 d6 3. d4 cxd4 4. Nxd4 Nf6 5. Nc3 a6 6. Be2 e6 7. f4 Qc7 8. Be3 Nbd7 9. 0-0 b5 10. a3 Bb7 11. Bd3 h5 12. h3 Rc8 13. Nf3 Qb8 14. Re1 Qa8 15. Bd4 Nc5 16. e5 dxe5 17. Bxe5 Nxd3 18. Qxd3 Bxf3 19. Qxf3 Bc5+ 20. Kf1 Qxf3+ 21. gxf3 h4 22. f5 Ke7 23. fxe6 fxe6 24. Bh2 Bd4 25. Be5 Bxc3 26. Bxc3 Kf7 27. Bxf6 gxf6 28. c3 Rcg8 29. Kf2 Rg3 30. Rh1 Rd8 31. Rad1 Rxd1 32. Rxd1 Rxh3 33. Rd7+ Kg6 34. Rd6 Kf5 35. Rxa6 Rh2+ 36. Kg1 Rxb2 37. a4 Kf4 38. axb5 Kg3 39. Ra1 Rxb5 40. Re1 h3 41. c4 Rb4 42. c5 Rc4 0-1